[Event "Zhukovsky op-A 05"]
[Site "Zhukovsky"]
[Date "2009.05.??"]
[Round "3"]
[White "Mozgalov, Viktor"]
[Black "Klinko, Petr N"]
[Result "0-1"]
[WhiteElo "1907"]
[BlackElo "2080"]
[PlyCount "102"]
[EventDate "2009.05.??"]
[EventType "swiss"]
[EventRounds "9"]
[EventCountry "RUS"]
[SourceTitle "EXT 2012"]
[Source "ChessBase"]
[SourceDate "2011.11.24"]
[SourceVersion "1"]
[SourceVersionDate "2011.11.24"]
[SourceQuality "1"]

1. d4 Nf6 2. c4 g6 3. Nc3 Bg7 4. e4 0-0 5. f4 d6 6. Nf3 c6 7. Be2 Nbd7 8. 0-0 c5 9. d5 Ne8 10. Kh1 Nb6 11. Bd3 Bd7 12. Qe2 f6 13. f5 g5 14. g4 Nc7 15. h4 h6 16. Qh2 Na4 17. Nxa4 Bxa4 18. hxg5 fxg5 19. Bxg5 hxg5 20. Nxg5 Rf6 21. Rf3 Rh6 22. Rh3 Qf8 23. Nf3 Rxh3 24. Qxh3 Qf6 25. g5 Qf7 26. Rf1 Bd7 27. Qg3 b5 28. b3 bxc4 29. bxc4 Rb8 30. Rf2 Rb2 31. Rxb2 Bxb2 32. f6 Kf8 33. Qh2 Bxf6 34. gxf6 Qxf6 35. Qf2 Bg4 36. Kg2 Bxf3+ 37. Qxf3 Qxf3+ 38. Kxf3 Kf7 39. Kf4 Kf6 40. Be2 Na8 41. Bf1 Nb6 42. Be2 Nd7 43. Bf1 Ne5 44. Be2 Ng6+ 45. Ke3 Ke5 46. Bd3 Nf8 47. Bf1 Nh7 48. Be2 Nf6 49. Bf3 a5 50. a4 Nd7 51. Be2 Nb6 0-1

[Event "Zhukovsky op-A 05"]
[Site "Zhukovsky"]
[Date "2009.05.??"]
[Round "4"]
[White "Sidorov, Evgeniy"]
[Black "Mozgalov, Viktor"]
[Result "0-1"]
[WhiteElo "1943"]
[BlackElo "1907"]
[PlyCount "72"]
[EventDate "2009.05.??"]
[EventType "swiss"]
[EventRounds "9"]
[EventCountry "RUS"]
[SourceTitle "EXT 2012"]
[Source "ChessBase"]
[SourceDate "2011.11.24"]
[SourceVersion "1"]
[SourceVersionDate "2011.11.24"]
[SourceQuality "1"]

1. b3 e5 2. Bb2 Nc6 3. e3 Nf6 4. c4 d5 5. cxd5 Nxd5 6. a3 Bd6 7. Nc3 Nxc3 8. Bxc3 0-0 9. Qc2 Qe7 10. b4 a5 11. b5 Nd4 12. Qb2 Bf5 13. d3 Rfe8 14. e4 Bg6 15. Ne2 f5 16. f3 c5 17. a4 b6 18. h4 h5 19. Bd2 Rac8 20. Rc1 f4 21. Ng1 Qd8 22. Kd1 Be7 23. Be1 Bf7 24. Bf2 Bf6 25. Rc3 c4 26. Ne2 Nb3 27. Nc1 Nc5 28. Qc2 Nxd3 29. Bxd3 cxd3 30. Nxd3 Qd7 31. Bxb6 Rxc3 32. Qxc3 Rc8 33. Qd2 Bb3+ 34. Ke2 Rc2 35. Qxc2 Bxc2 36. Nc5 Qd4 0-1